Statistiken für Namen von Schweizer Wirtshäusern

Klicken Sie hier um das Quiz zu spielen!

Allgemein

  • Dieses Quiz wurde 348 mal gespielt
  • Das Durchschnittsergebnis liegt bei 10 aus 28

Antwortstatistiken

KategorieAnzahlName% Korrekt
Tiere236Löwen
75%
Tiere168Bären
68%
Tiere196Hirschen
68%
Symbol271Kreuz
55%
Tiere290Rössli
55%
Tiere104Adler
53%
Natur203Sonne
53%
Symbol230Sternen
48%
Natur91See
45%
Tiere108Ochsen
43%
Natur22Wald
35%
Natur47Alpen
34%
Symbol171Krone
32%
Natur137Linde
32%
Tiere58Schäfli
29%
Natur41Blume
26%
Tiere31Schwanen
26%
Symbol21Stein
26%
Natur73Rose
25%
Andere227Post
24%
Natur98Traube
23%
Aussicht85Panorama
20%
Andere103Frohsinn
18%
Aussicht46Alpenblick
17%
Symbol48Schlüssel
17%
Symbol54Engel
11%
Natur47Rebstock
9%
Andere29Schweiz
8%

Verteilung der Resultate

Perzentil nach korrekt beantworteten Fragen

Anzahl Personen mit jedem Resultat

Ihre Resultats-Entwicklung

Sie haben dieses Quiz noch nicht gespielt